000 00338nam a22001457a 4500
008 230123b ||||| |||| 00| 0 eng d
020 _a9780735588332
041 _aeng
080 _a34
082 _a34KAT
100 _a30
101 _aJURE
245 _aSTRATEGIES AND TECHNIQUES OF LAW SCHOOL TEACHING
_cKATZ E H
942 _2udc
_cBK
999 _c59249
_d59249